Maori Words - Transliterated Boys Names - Statistics

General Stats
  • This quiz has been taken 203 times
  • The average score is 11 of 19
Answer Stats
Hint Answer % Correct
Petera/Pita Peter
89%
Mikaere Michael
86%
Wiremu William
85%
Matiu Matthew
77%
Hone John
74%
Paora Paul
69%
Anaru Andrew
67%
Henare Henry
66%
Ropata Robert
58%
Hemi James
56%
Piripi Phillip
52%
Tamati Thomas
51%
Hohepa Joseph
49%
Eruera Edward
45%
Hori George
42%
Rawiri David
27%
Hamiora Samuel
24%
Arapeta Albert
21%
Tiare Charles
19%
No matching quizzes found
Score Distribution
Percent of People with Each Score
Percentile by Number Answered
Your Score History
You have not taken this quiz